| 000 | 00000nam##2200000za#4500 |
| 001 | 9.558525 |
| 003 | CaOODSP |
| 005 | 20210624172429 |
| 007 | cr ||||||||||| |
| 008 | 150406|2002||||xxc|||||o f|0| 0 eng|d |
| 020 | |a0-662-34538-X |
| 040 | |aCaOODSP|beng |
| 043 | |an-cn--- |
| 086 | 1 |aRH63-2/201-12-02E-PDF |
| 110 | 1 |aCanada. |bHuman Resources Development Canada. |
| 245 | 10|aSummative evaluation of the Office of Learning Technologies : |h[electronic resource]|bfinal report |
| 260 | |aOttawa - Ontario : |bHuman Resources Development Canada |cDecember 2002. |
| 300 | |a82p.|bgraphs, tables |
| 490 | 1 |aEvaluation and data development|vSP-AH-201-12-02E |
| 590 | |a13-05-Supp|b2013-02-27 |
| 775 | 08|tÉvaluation sommative du Bureau des technologies d'apprentissage : |w(CaOODSP)9.591370 |
| 830 | #0|aEvaluation and data development ;|vSP-AH-201-12-02E|w(CaOODSP)9.504716 |
| 856 | 40|ahttp://publications.gc.ca|qPDF|s711 KB|uhttps://publications.gc.ca/collections/collection_2013/rhdcc-hrsdc/RH63-2-201-12-02-eng.pdf|ySP-AH-201-12-02E |